| 000 | 01309cam a22003854i 4500 | ||
|---|---|---|---|
| 003 | PE-LiUPU | ||
| 005 | 20250904150556.0 | ||
| 008 | 150625s1994 sp r 000 0 spa d | ||
| 035 | _a(Sirsi) a32181 | ||
| 040 |
_aPE-LiUPU _bspa _cPE-LiUPU _erda |
||
| 082 | 0 | 4 |
_a222.11 _bV422g _223 |
| 100 | 1 |
_aVegas Montaner, Luis, _eautor. _95697 |
|
| 245 | 1 | 0 |
_aGénesis Rabbah I (Génesis 1-11) : _bComentario midrásico al libro del Génesis. |
| 264 | 1 |
_aNavarra : _bVerbo Divino, _c1994. |
|
| 300 |
_a437 páginas ; _c24 centímetros |
||
| 336 |
_atext _2rdacontent |
||
| 337 |
_aunmediated _2rdamedia |
||
| 338 |
_avolume _2rdacarrier |
||
| 505 | 0 | _aNombre: Contenido y estructura -- Lengua (con indices de terminos greco-latinos) -- Fuentes -- Redaccion y datacion -- Texto -- Comentarios -- Parabolas y mesalim en Genesis Rabbah -- Principios hermeneuticos -- La presente version española -- Traduccion: Beresit -- Noah. | |
| 526 | _aSEG42 | ||
| 526 | _aSEG41 | ||
| 526 | _aSEG40 | ||
| 526 | _aSEG39 | ||
| 526 | _aP94 | ||
| 526 | _aP87 | ||
| 526 | _aP86 | ||
| 526 | _aP85 | ||
| 526 | _aP77 | ||
| 526 | _aP76 | ||
| 526 | _aP35 | ||
| 630 | 0 |
_aBiblia. _pGénesis 1-11 _xComentarios. _91538 |
|
| 942 |
_2ddc _cBK |
||
| 980 |
_818226 _gJaime Vilcazán Jefe de Análisis Documental |
||
| 999 |
_c39812 _d39812 |
||